000 00178 a2200097 4500
001 4120
100 _aDazoo,J.J
245 _a
260 _a
_bHutchinson
_c
090 _c3337
_d3337
942 _aNUST-CAE
_c
_c25969
999 _c239193
_d239193